General Knowledge #1 - Statistics

General Stats
  • This quiz has been taken 2 times
  • The average score is 8 of 15
Answer Stats
Question Answer % Correct
In what year were the first modern Olympic Games held? 1896
100%
How many capital cities does South Africa have? 3
100%
What is a “Tom Collins”? A cocktail
100%
Volkswagen is based in what country? Germany
100%
Who popularized the moonwalk? Michael Jackson
100%
Which U.S. territory has Charlotte Amalie as its capital? US Virgin Islands
100%
Otalgia refers to pain in which part of the body? Ear
50%
Which of these singers died from a heart attack on the toilet? Elvis Presley
50%
In 1698, an April Fools’ prank invited people to the Tower of London to watch the washing of which animals? Lions
50%
Pilaf is usually made with which ingredient? Rice
50%
Dzongkha is the official language of which country? Bhutan
0%
On January 2, 2026, Equatorial Guinea changed its capital from Malabo to what city? Ciudad de La Paz
0%
Bir Tawil lies between which two countries? Egypt and Sudan
0%
What is the name of the polygon whose interior angles add up to 1080 degrees? Octagon
0%
How did Ernest Hemingway die? Suicide by gunshot
0%
No matching quizzes found
Score Distribution
Percent of People with Each Score
Percentile by Number Answered
Your Score History
You have not taken this quiz